000 00664cam a22002293a 4500
001 34091
003 PGUSA
005 20140828083733.0
008 101017s2010||||xxu|||||s|||||000 | eng d
040 _aPGUSA
_beng
042 _adc
050 4 _aZ
100 1 _aLebert, Marie
245 1 0 _aDel libro impreso al libro digital
_h[electronic resource] /
_cMarie Lebert
260 _bProject Gutenberg,
_c2010
506 _aCopyrighted. Read the copyright notice inside this book for details.
516 _aElectronic text
653 _aElectronic books
830 0 _aProject Gutenberg
_v34091
856 4 0 _uhttp://www.gutenberg.org/ebooks/34091
942 _cEB
999 _c263346
_d263346